000
00300nam a22001457a 4500
008
221025b ||||| |||| 00| 0 eng d
020
_a
9780495827610
041
_a
eng
080
_a
573
082
_a
573 STA
100
_a
16.2
101
_a
BIO
245
_a
BIOLOGY
_c
STARR C
942
_2
udc
_c
BK
999
_c
58677
_d
58677